| 000 | 01113nam a2200241Ii 4500 | ||
|---|---|---|---|
| 003 | JO-AjNU | ||
| 005 | 20240629132915.0 | ||
| 008 | 230605s9999||||xx |||||||||||||| ||und|| | ||
| 040 |
_aJO-AjNU _bara _erda _cJO-AjNU |
||
| 041 | _aara | ||
| 050 | 1 | 4 | _aK2400 2021 |
| 100 |
_aشنيك، ديانا نصر _eمعد _965822 |
||
| 245 | 0 | 0 |
_aالنظام القانوني لتنفيذ حكم التحكيم الالكتروني: دراسة مقارنة = The Legal System Of Implementing The Electronic Arbitration Award: A Comparative Study _c/ اعداد ديانا نصر شنيك ؛ اشراف منتصر القضاة |
| 264 | 3 | 1 | _a2021 |
| 300 | _a127 ورقة | ||
| 336 |
_atext _btxt _2rdacontent |
||
| 337 |
_aunmediated _bn _2rdamedia |
||
| 338 |
_avolume _bnc _2rdacarrier |
||
| 500 | _aرسالة جامعية(اطروحة ماجستير) جامعة عجلون الوطنية: كلية الحقوق، تخصص القانون، 2021 | ||
| 650 | 4 |
_aالتحكيم الالكتروني-قوانين وتشريعات _961239 |
|
| 700 |
_aالقضاة، منتصر احمد _965269 _eمشرف |
||
| 942 |
_2lcc _cTHS |
||
| 999 |
_c31234 _d31234 |
||